Real analysis / (Record no. 29492)

MARC details
000 -LEADER
fixed length control field 00823nam a22002177a 4500
005 - DATE AND TIME OF LATEST TRANSACTION
control field 2009082404094.0
008 - FIXED-LENGTH DATA ELEMENTS--GENERAL INFORMATION
fixed length control field 080708t xxu||||| |||| 00| 0 eng d
010 ## - LCCN (DPL NO)
LC control number ENG-94835
020 ## - INTERNATIONAL STANDARD BOOK NUMBER
Terms of availability 120.00
International Standard Book Number 9788190622301
035 ## - SYSTEM CONTROL NUMBER
System control number EN-78368
037 ## - SOURCE OF ACQUISITION
Source of stock number/acquisition DBAD / PUB
040 ## - CATALOGING SOURCE
Original cataloging agency dpl
Language of cataloging English
082 ## - DEWEY DECIMAL CLASSIFICATION NUMBER
Classification number 515.8
100 ## - MAIN ENTRY--PERSONAL NAME
Personal name Rani, M.G.
245 ## - TITLE STATEMENT
Title Real analysis /
Statement of responsibility, etc by M.G. Rani
260 ## - PUBLICATION, DISTRIBUTION, ETC. (IMPRINT)
Place of publication, distribution, etc Coimbatore
Name of publisher, distributor, etc Global Book Publishing
Date of publication, distribution, etc 2008
270 ## - ADDRESS
Address 14A, Ramalinga Nagar, 4th Cross, Bharathi Park Corss Road, No.,4 Saibaba Colony,
City Coimabatore
Postal code 641011
300 ## - PHYSICAL DESCRIPTION
Extent 204p.
Dimensions 23cm(pbk)
942 ## - ADDED ENTRY ELEMENTS (KOHA)
Source of classification or shelving scheme Dewey Decimal Classification
Item type English Books
Classification part 515.8
Call number suffix RAN
Holdings
Withdrawn status Lost status Source of classification or shelving scheme Damaged status Not for loan Collection code Home library Current library Date acquired Source of acquisition Cost, normal purchase price Total Checkouts Full call number Barcode Date last seen Copy number Cost, replacement price Koha item type
    Dewey Decimal Classification   Not For Loan Non-fiction D.B.Act.Division D.B.Act.Division 24/08/2009 DBAD / PUB 120.00   515.8 RAN EN-78368 24/08/2009 1 120.00 English Books

© Delhi Public Library
Hit Counter
free hit counter